000 00687nam a2200181Ia 4500
008 151018s9999 xx 000 0 und d
082 _bRBASDV38160
_a796
100 _aमंगेश वैश्यपायन
245 _aअॅथलेटीक्स खेळाची ओळख
250 _b1
260 _bजयदीप प्रकाशन पुणे
_c2004
300 _a32
600 _aमंगेश वैश्यपायन
630 _aअॅथलेटीक्स खेळाची ओळख
700 _aमंगेश वैश्यपायन
730 _aअॅथलेटीक्स खेळाची ओळख
942 _cBOOK
999 _c1037569
_d1037566